000
00295nam a22001337a 4500
008
170329b xxu||||| |||| 00| 0 eng d
020
_a
9780077361341
041
_a
eng
080
_2
12TH
_a
611
100
_a
8
101
_a
SHM
245
_a
HUMAN ANATOMY&PHYSIOLOGY
_c
SHIER, D
942
_2
udc
_c
BK
999
_c
8912
_d
8912